African Capital Cities by Closest Capital N-E-S-W - Statistics

General Stats
  • This quiz has been taken 35 times
  • The average score is 33 of 54
Answer Stats
⇑ Closest North ⇑ ⇒ Closest East ⇒ ⇓ Closest South ⇓ ⇐ Closest West ⇐ CAPITAL CITY % Correct
⇑ Banjul ⇑ ⇒ Bamako ⇒ ⇓ Conakry ⇓ ⇐ Praia ⇐ Bissau
95%
⇑ Bissau ⇑ ⇒ Bamako ⇒ ⇓ Freetown ⇓ ⇐ Praia ⇐ Conakry
95%
⇑ Harare ⇑ ⇒ Maputo ⇒ ⇓ --- ⇓ ⇐ Pretoria ⇐ Mbabane
90%
⇑ Vatican City ⇑ ⇒ Valletta ⇒ ⇓ Tripoli ⇓ ⇐ Algiers ⇐ Tunis
90%
⇑ Yaounde ⇑ ⇒ Bujumbura ⇒ ⇓ Kinshasa ⇓ ⇐ Libreville ⇐ Brazzaville
86%
⇑ Victoria ⇑ ⇒ Kuala Lumpur ⇒ ⇓ --- ⇓ ⇐ Antananarivo ⇐ Port Louis
86%
⇑ Rabat ⇑ ⇒ Dakar ⇒ ⇓ Brasilia ⇓ ⇐ Paramaribo ⇐ Praia
86%
⇑ Harare ⇑ ⇒ Pretoria ⇒ ⇓ Maseru ⇓ ⇐ Windhoek ⇐ Gaborone
81%
⇑ Juba ⇑ ⇒ Kampala ⇒ ⇓ Bujumbura ⇓ ⇐ Bangui ⇐ Kigali
81%
⇑ Malabo ⇑ ⇒ Libreville ⇒ ⇓ Luanda ⇓ ⇐ Accra ⇐ Sao Tome
81%
⇑ Conakry ⇑ ⇒ Monrovia ⇒ ⇓ Windhoek ⇓ ⇐ Praia ⇐ Freetown
76%
⇑ Kinshasa ⇑ ⇒ Lusaka ⇒ ⇓ Windhoek ⇓ ⇐ Yamoussoukro ⇐ Luanda
76%
⇑ Tripoli ⇑ ⇒ Abuja ⇒ ⇓ Porto-Novo ⇓ ⇐ Ouagadougou ⇐ Niamey
76%
⇑ Luanda ⇑ ⇒ Gaborone ⇒ ⇓ --- ⇓ ⇐ Praia ⇐ Windhoek
76%
⇑ Abuja ⇑ ⇒ Bangui ⇒ ⇓ Libreville ⇓ ⇐ Malabo ⇐ Yaounde
76%
⇑ Sana'a ⇑ ⇒ Muscat ⇒ ⇓ Mogadishu ⇓ ⇐ Addis Ababa ⇐ Djibouti
71%
⇑ Lilongwe ⇑ ⇒ Moroni ⇒ ⇓ Maputo ⇓ ⇐ Lusaka ⇐ Harare
71%
⇑ Dodoma ⇑ ⇒ Harare ⇒ ⇓ Gaborone ⇓ ⇐ Windhoek ⇐ Lusaka
71%
⇑ Tripoli ⇑ ⇒ Khartoum ⇒ ⇓ Bangui ⇓ ⇐ Abuja ⇐ N'Djamena
71%
⇑ Rabat ⇑ ⇒ Niamey ⇒ ⇓ Yamoussoukro ⇓ ⇐ Bamako ⇐ Ouagadougou
71%
⇑ Lisbon ⇑ ⇒ Algiers ⇒ ⇓ Nouakchott ⇓ ⇐ Saint John's ⇐ Rabat
71%
⇑ Riyadh ⇑ ⇒ Sana'a ⇒ ⇓ Addis Ababa ⇓ ⇐ Khartoum ⇐ Asmara
67%
⇑ N'Djamena ⇑ ⇒ Juba ⇒ ⇓ Brazzaville ⇓ ⇐ Yaounde ⇐ Bangui
67%
⇑ Nouakchott ⇑ ⇒ Bamako ⇒ ⇓ Banjul ⇓ ⇐ Praia ⇐ Dakar
67%
⇑ Khartoum ⇑ ⇒ Addis Ababa ⇒ ⇓ Kampala ⇓ ⇐ Bangui ⇐ Juba
67%
⇑ Dodoma ⇑ ⇒ Moroni ⇒ ⇓ Harare ⇓ ⇐ Lusaka ⇐ Lilongwe
67%
⇑ Juba ⇑ ⇒ Nairobi ⇒ ⇓ Bujumbura ⇓ ⇐ Kigali ⇐ Kampala
62%
⇑ Valletta ⇑ ⇒ Athens ⇒ ⇓ N'Djamena ⇓ ⇐ Algiers ⇐ Tripoli
62%
⇑ Ouagadougou ⇑ ⇒ Lome ⇒ ⇓ Luanda ⇓ ⇐ Yamoussoukro ⇐ Accra
57%
⇑ Nairobi ⇑ ⇒ Moroni ⇒ ⇓ Lilongwe ⇓ ⇐ Bujumbura ⇐ Dodoma
57%
⇑ Cairo ⇑ ⇒ Asmara ⇒ ⇓ Addis Ababa ⇓ ⇐ N'Djamena ⇐ Khartoum
57%
⇑ Malabo ⇑ ⇒ Brazzaville ⇒ ⇓ Luanda ⇓ ⇐ Sao Tome ⇐ Libreville
57%
⇑ Pretoria ⇑ ⇒ Mbabane ⇒ ⇓ --- ⇓ ⇐ Windhoek ⇐ Maseru
57%
⇑ Addis Ababa ⇑ ⇒ Victoria ⇒ ⇓ Moroni ⇓ ⇐ Nairobi ⇐ Mogadishu
57%
⇑ Kigali ⇑ ⇒ Dodoma ⇒ ⇓ Lilongwe ⇓ ⇐ Bangui ⇐ Bujumbura
52%
⇑ Beirut ⇑ ⇒ Jerusalem ⇒ ⇓ Khartoum ⇓ ⇐ Valletta ⇐ Cairo
52%
⇑ Harare ⇑ ⇒ Mbabane ⇒ ⇓ Maseru ⇓ ⇐ Gaborone ⇐ Pretoria
52%
⇑ Brazzaville ⇑ ⇒ Bujumbura ⇒ ⇓ Luanda ⇓ ⇐ Libreville ⇐ Kinshasa
48%
⇑ Harare ⇑ ⇒ Antananarivo ⇒ ⇓ --- ⇓ ⇐ Mbabane ⇐ Maputo
48%
⇑ Nairobi ⇑ ⇒ Victoria ⇒ ⇓ Antananarivo ⇓ ⇐ Dodoma ⇐ Moroni
48%
⇑ Bamako ⇑ ⇒ Accra ⇒ ⇓ Windhoek ⇓ ⇐ Monrovia ⇐ Yamoussoukro
48%
⇑ Dakar ⇑ ⇒ Bamako ⇒ ⇓ Bissau ⇓ ⇐ Praia ⇐ Banjul
43%
⇑ Djibouti ⇑ ⇒ Male ⇒ ⇓ Port Louis ⇓ ⇐ Mogadishu ⇐ Victoria
43%
⇑ Tripoli ⇑ ⇒ N'Djamena ⇒ ⇓ Malabo ⇓ ⇐ Porto-Novo ⇐ Abuja
38%
⇑ Asmara ⇑ ⇒ Djibouti ⇒ ⇓ Mogadishu ⇓ ⇐ Juba ⇐ Addis Ababa
38%
⇑ Ouagadougou ⇑ ⇒ Porto-Novo ⇒ ⇓ Sao Tome ⇓ ⇐ Accra ⇐ Lome
38%
⇑ Abuja ⇑ ⇒ Yaounde ⇒ ⇓ Libreville ⇓ ⇐ Porto-Novo ⇐ Malabo
38%
⇑ Conakry ⇑ ⇒ Yamoussoukro ⇒ ⇓ Windhoek ⇓ ⇐ Freetown ⇐ Monrovia
38%
⇑ Juba ⇑ ⇒ Mogadishu ⇒ ⇓ Dodoma ⇓ ⇐ Kampala ⇐ Nairobi
38%
⇑ Rabat ⇑ ⇒ Bamako ⇒ ⇓ Dakar ⇓ ⇐ Praia ⇐ Nouakchott
38%
⇑ Niamey ⇑ ⇒ Abuja ⇒ ⇓ Sao Tome ⇓ ⇐ Lome ⇐ Porto-Novo
38%
⇑ Andorra la Vella ⇑ ⇒ Tunis ⇒ ⇓ Niamey ⇓ ⇐ Madrid ⇐ Algiers
33%
⇑ Moroni ⇑ ⇒ Port Louis ⇒ ⇓ --- ⇓ ⇐ Lilongwe ⇐ Antananarivo
33%
⇑ Rabat ⇑ ⇒ Ouagadougou ⇒ ⇓ Yamoussoukro ⇓ ⇐ Conakry ⇐ Bamako
33%
No matching quizzes found
Score Distribution
Percent of People with Each Score
Percentile by Number Answered
Your Score History
You have not taken this quiz